[Event "Ruhrgebiet Verbandsliga Gruppe 1 1819"]
[Site "Nordrheinwestfalen"]
[Date "2019.03.10"]
[Round "7.8"]
[White "Balke, Reiner"]
[Black "Kandyba, Andriy"]
[Result "1-0"]
[WhiteElo "1883"]
[BlackElo "1962"]
[PlyCount "77"]
[EventDate "2018.09.23"]
[EventType "team-tourn"]
[EventRounds "9"]
[EventCountry "GER"]
[SourceTitle "EXT 2022"]
[Source "ChessBase"]
[SourceDate "2021.10.06"]
[SourceVersion "1"]
[SourceVersionDate "2021.10.06"]
[SourceQuality "1"]
[WhiteTeam "Sodingen/Castrop SK II"]
[BlackTeam "Bochum-Linden"]
[WhiteTeamCountry "GER"]
[BlackTeamCountry "GER"]

1. e4 e6 2. d3 d5 3. Nd2 Nf6 4. Ngf3 c5 5. g3 Nc6 6. Bg2 Be7 7. 0-0 0-0 8. Re1 Re8 9. c3 Bf8 10. e5 Nd7 11. d4 f6 12. exf6 Qxf6 13. Nf1 h6 14. Ne3 cxd4 15. cxd4 Bd6 16. Nxd5 Qf7 17. Bf4 Bxf4 18. Nxf4 Nb6 19. Qb3 Bd7 20. Nd3 Rad8 21. Nde5 Qf6 22. a4 Bc8 23. a5 Nd5 24. a6 Ncb4 25. axb7 Bxb7 26. Rxa7 Re7 27. Nd2 Rf8 28. f3 Rc7 29. Ne4 Qd8 30. Nc5 Qb8 31. Raa1 Bc8 32. Rad1 Qb6 33. f4 Rxc5 34. dxc5 Qxc5+ 35. Kh1 Qc2 36. Qxc2 Nxc2 37. Re2 Nce3 38. Rc1 Bb7 39. Rxe3 1-0

[Event "Ruhrgebiet Verbandsliga Gruppe 1 1819"]
[Site "Nordrheinwestfalen"]
[Date "2018.09.23"]
[Round "1.8"]
[White "Balke, Reiner"]
[Black "Stoetzel, Martin"]
[Result "0-1"]
[WhiteElo "1883"]
[BlackElo "1756"]
[PlyCount "62"]
[EventDate "2018.09.23"]
[EventType "team-tourn"]
[EventRounds "9"]
[EventCountry "GER"]
[SourceTitle "EXT 2022"]
[Source "ChessBase"]
[SourceDate "2021.10.06"]
[SourceVersion "1"]
[SourceVersionDate "2021.10.06"]
[SourceQuality "1"]
[WhiteTeam "Sodingen/Castrop SK II"]
[BlackTeam "Erkenschwick II"]
[WhiteTeamCountry "GER"]
[BlackTeamCountry "GER"]

1. e4 e5 2. Bc4 Nf6 3. d3 Nc6 4. Nf3 Be7 5. 0-0 0-0 6. a3 d6 7. Re1 Bg4 8. Nbd2 Qd7 9. c3 Be6 10. Bb5 a6 11. Ba4 b5 12. Bc2 Nd8 13. Nf1 c5 14. d4 Qc7 15. Bg5 h6 16. Bh4 Bg4 17. Bxf6 Bxf6 18. d5 c4 19. Ne3 Bd7 20. Qe2 Nb7 21. h3 g6 22. Nh2 Bg7 23. g4 Nc5 24. Nhf1 Qd8 25. Ng3 Qg5 26. Kh2 h5 27. f3 Bf6 28. Ng2 hxg4 29. fxg4 Kg7 30. Rh1 Rh8 31. Kg1 Rxh3 0-1

[Event "Ruhrgebiet Verbandsklasse Gruppe 2 1718"]
[Site "Germany"]
[Date "2018.04.29"]
[Round "9.3"]
[White "Drzasga, Michael"]
[Black "Balke, Reiner"]
[Result "1/2-1/2"]
[WhiteElo "2001"]
[BlackElo "1883"]
[PlyCount "81"]
[EventDate "2017.09.17"]
[EventType "team-tourn"]
[EventRounds "9"]
[EventCountry "GER"]
[SourceTitle "EXT 2022"]
[Source "ChessBase"]
[SourceDate "2021.10.06"]
[SourceVersion "1"]
[SourceVersionDate "2021.10.06"]
[SourceQuality "1"]
[WhiteTeam "Hoentrop SG"]
[BlackTeam "Sodingen/Castrop SK III"]
[WhiteTeamCountry "GER"]
[BlackTeamCountry "GER"]

1. d4 d5 2. c4 e6 3. Nc3 Nf6 4. Bf4 Bd6 5. Bg3 Bxg3 6. hxg3 Nc6 7. e3 0-0 8. Nf3 Re8 9. Ne5 g6 10. Qf3 Nxe5 11. dxe5 Nd7 12. 0-0-0 c6 13. Qf4 Qe7 14. Bd3 f6 15. cxd5 exd5 16. exf6 Qxf6 17. Qh6 Qg7 18. Qh4 Ne5 19. Be2 Be6 20. f4 Nd7 21. Bf3 Nc5 22. g4 Rf8 23. Qg5 Qf6 24. Qxf6 Rxf6 25. Rh6 Kg7 26. Rdh1 Bg8 27. g5 Rff8 28. Kd2 Rae8 29. g4 Re7 30. R6h3 Rd8 31. f5 gxf5 32. gxf5 Ne4+ 33. Bxe4 dxe4+ 34. Kc2 Re5 35. Rf1 Rf8 36. f6+ Kg6 37. Rg3 Rxg5 38. Rxg5+ Kxg5 39. Nxe4+ Kg6 40. Rg1+ Kf5 41. Nd6+ 1/2-1/2

[Event "Ruhrgebiet Verbandsklasse Gruppe 2 1718"]
[Site "Germany"]
[Date "2017.12.03"]
[Round "4.3"]
[White "Greger, Helmut"]
[Black "Balke, Reiner"]
[Result "1/2-1/2"]
[WhiteElo "1950"]
[BlackElo "1837"]
[PlyCount "96"]
[EventDate "2017.09.17"]
[EventType "team-tourn"]
[EventRounds "9"]
[EventCountry "GER"]
[SourceTitle "EXT 2022"]
[Source "ChessBase"]
[SourceDate "2021.10.06"]
[SourceVersion "1"]
[SourceVersionDate "2021.10.06"]
[SourceQuality "1"]
[WhiteTeam "Steele/Kray Rochade"]
[BlackTeam "Sodingen/Castrop SK III"]
[WhiteTeamCountry "GER"]
[BlackTeamCountry "GER"]

1. c4 Nf6 2. d4 g6 3. g3 Bg7 4. Bg2 0-0 5. Nc3 d6 6. Nf3 Nbd7 7. 0-0 h6 8. e4 c5 9. d5 a6 10. Re1 Rb8 11. a4 Ne8 12. Qc2 Nc7 13. Bf1 Ne5 14. Nxe5 dxe5 15. Be3 Qd6 16. a5 Bd7 17. f3 Rfc8 18. Na4 Bxa4 19. Rxa4 b5 20. axb6 Rxb6 21. Ra5 Ne8 22. Qf2 Qb8 23. Rb1 Nd6 24. Rxc5 Rxc5 25. Bxc5 Rb3 26. Be3 f5 27. c5 Nf7 28. Bc4 Rb4 29. Qc2 Qc8 30. b3 Kf8 31. Ra1 fxe4 32. fxe4 Ng5 33. Qf2+ Bf6 34. Bxg5 hxg5 35. Rxa6 Rxc4 36. Rxf6+ exf6 37. bxc4 Kf7 38. c6 Qa6 39. Qc2 Qa3 40. c5 Qe3+ 41. Qf2 Qxe4 42. Qd2 Qb1+ 43. Kf2 g4 44. c7 Qf5+ 45. Ke2 Qf3+ 46. Ke1 Qh1+ 47. Kf2 Qf3+ 48. Ke1 Qh1+ 1/2-1/2

[Event "Ruhrgebiet Verbandsklasse Gruppe 2 1718"]
[Site "Germany"]
[Date "2017.10.08"]
[Round "2.3"]
[White "Verfuerth, Christian"]
[Black "Balke, Reiner"]
[Result "1/2-1/2"]
[WhiteElo "1877"]
[BlackElo "1837"]
[PlyCount "118"]
[EventDate "2017.09.17"]
[EventType "team-tourn"]
[EventRounds "9"]
[EventCountry "GER"]
[SourceTitle "EXT 2022"]
[Source "ChessBase"]
[SourceDate "2021.10.06"]
[SourceVersion "1"]
[SourceVersionDate "2021.10.06"]
[SourceQuality "1"]
[WhiteTeam "Horst Emscher II"]
[BlackTeam "Sodingen/Castrop SK III"]
[WhiteTeamCountry "GER"]
[BlackTeamCountry "GER"]

1. d4 Nf6 2. Nf3 g6 3. Nc3 Bg7 4. e4 d6 5. Be3 0-0 6. Qd2 Nbd7 7. Bh6 e5 8. 0-0-0 exd4 9. Nxd4 Re8 10. Bxg7 Kxg7 11. f3 Nb6 12. g4 Be6 13. h4 h5 14. gxh5 Nxh5 15. Nxe6+ Rxe6 16. Bh3 Re8 17. Bg4 Rh8 18. Ne2 Qf6 19. Qg5 Rae8 20. Bxh5 Rxh5 21. Qxf6+ Kxf6 22. Ng3 Rh7 23. h5 Reh8 24. hxg6 Rxh1 25. Rxh1 Rxh1+ 26. Nxh1 fxg6 27. Nf2 d5 28. exd5 Nxd5 29. Kd2 Kf5 30. Nd3 a5 31. a4 b6 32. Ke2 c5 33. b3 g5 34. Nb2 Ke5 35. Nc4+ Kd4 36. Kd2 Ne7 37. Nxb6 Nc6 38. c3+ Ke5 39. Ke3 Ke6 40. Ke4 Ne5 41. Nc4 Nc6 42. Nb2 Ne7 43. Nd3 Kd6 44. Ne5 Ke6 45. c4 Nf5 46. Nc6 Nd6+ 47. Ke3 Nb7 48. Kf2 Kd6 49. Na7 Ke5 50. Ke3 Ke6 51. Nb5 Nd8 52. Nc3 Kf5 53. Ne4 Nb7 54. Nf2 Nd8 55. Nd3 Ne6 56. Kf2 Kf6 57. Kg3 Kf5 58. Kf2 Kf6 59. Ke3 Kf5 1/2-1/2

[Event "Ruhrgebiet Verbandsklasse Gruppe 2 1718"]
[Site "Germany"]
[Date "2017.09.17"]
[Round "1.2"]
[White "Kuekenbrink, Christopher"]
[Black "Balke, Reiner"]
[Result "0-1"]
[WhiteElo "1910"]
[BlackElo "1837"]
[PlyCount "80"]
[EventDate "2017.09.17"]
[EventType "team-tourn"]
[EventRounds "9"]
[EventCountry "GER"]
[SourceTitle "EXT 2022"]
[Source "ChessBase"]
[SourceDate "2021.10.06"]
[SourceVersion "1"]
[SourceVersionDate "2021.10.06"]
[SourceQuality "1"]
[WhiteTeam "Guennigfeld SV"]
[BlackTeam "Sodingen/Castrop SK III"]
[WhiteTeamCountry "GER"]
[BlackTeamCountry "GER"]

1. Nf3 c5 2. e4 d6 3. d4 cxd4 4. Nxd4 Nf6 5. Nc3 a6 6. g3 e6 7. Bg2 Be7 8. 0-0 Qc7 9. a4 Nbd7 10. a5 Rb8 11. Re1 b5 12. Nd5 exd5 13. exd5 Ne5 14. f4 Bg4 15. Qd2 Ng6 16. Nc6 Rb7 17. Ra3 0-0 18. h3 Bc8 19. Rc3 Qd7 20. Qe2 Bd8 21. Re3 h5 22. Qf2 Re8 23. Rxe8+ Nxe8 24. b4 Nf6 25. Bb2 Nh7 26. Qe2 Bf6 27. Bd4 Bxd4+ 28. Nxd4 Qe7 29. Qd1 Qf8 30. Qxh5 Nf6 31. Qf3 Re7 32. Qc3 Bb7 33. Nc6 Rxe1+ 34. Qxe1 Qe8 35. Qc3 Kf8 36. Qd4 Ne7 37. Qb6 Qc8 38. Na7 Qd7 39. Nc6 Nexd5 40. Bxd5 Nxd5 0-1

[Event "Ruhrgebiet Verbandsklasse Gruppe 2 1415"]
[Site "Germany"]
[Date "2014.12.14"]
[Round "4.7"]
[White "Balke, Reiner"]
[Black "Wichtrup, Jan Louis"]
[Result "1/2-1/2"]
[WhiteElo "1806"]
[BlackElo "1686"]
[PlyCount "81"]
[EventDate "2014.09.21"]
[EventType "team-tourn"]
[EventRounds "9"]
[EventCountry "GER"]
[SourceTitle "EXT 2022"]
[Source "ChessBase"]
[SourceDate "2021.10.06"]
[SourceVersion "1"]
[SourceVersionDate "2021.10.06"]
[SourceQuality "1"]
[WhiteTeam "Castrop Rauxel II"]
[BlackTeam "Dortmund SV"]
[WhiteTeamCountry "GER"]
[BlackTeamCountry "GER"]

1. e4 e5 2. Nf3 Nc6 3. Bc4 Bc5 4. 0-0 Nf6 5. d3 d6 6. h3 h6 7. a3 0-0 8. Nc3 Bb6 9. Na4 Be6 10. Nxb6 axb6 11. Bxe6 fxe6 12. Be3 d5 13. exd5 exd5 14. Nh2 Qd7 15. d4 Rae8 16. dxe5 Nxe5 17. Bf4 Ng6 18. Be3 c5 19. c3 Ne4 20. Qc2 Qc6 21. Rad1 Ne5 22. f4 Ng6 23. Qd3 Rf7 24. Bc1 Rd8 25. Rde1 c4 26. Qd4 Qc5 27. Be3 Re7 28. Ng4 h5 29. Ne5 Nxe5 30. Qxe5 Rxe5 31. Bxc5 Re6 32. Bd4 Rf8 33. f5 Rh6 34. Be3 Rhf6 35. g4 hxg4 36. hxg4 g6 37. Bd4 Rc6 38. Re3 gxf5 39. gxf5 Rh6 40. Rf4 Kf7 41. Rg4 1/2-1/2

[Event "NRW Verbandsklasse Group2 1314"]
[Site "Nordrheinwestfalen"]
[Date "2013.09.08"]
[Round "1.6"]
[White "Langer, Raimund"]
[Black "Balke, Reiner"]
[Result "0-1"]
[WhiteElo "1839"]
[BlackElo "1771"]
[PlyCount "54"]
[EventDate "2013.09.08"]
[EventType "team-tourn"]
[EventRounds "9"]
[EventCountry "GER"]
[SourceTitle "EXT 2020"]
[Source "ChessBase"]
[SourceDate "2019.10.17"]
[SourceVersion "1"]
[SourceVersionDate "2019.10.17"]
[SourceQuality "1"]
[WhiteTeam "Kirchhellen SF"]
[BlackTeam "Castrop Rauxel II"]
[WhiteTeamCountry "GER"]
[BlackTeamCountry "GER"]

1. e4 c6 2. d4 d5 3. e5 Bf5 4. Nf3 e6 5. Be2 c5 6. Be3 Nc6 7. 0-0 cxd4 8. Nxd4 Nxd4 9. Bxd4 Ne7 10. Bc5 Nc6 11. Bxf8 Kxf8 12. Nd2 Nxe5 13. f4 Nc6 14. g4 Be4 15. Nxe4 dxe4 16. f5 Qb6+ 17. Kh1 Rd8 18. Qc1 Nd4 19. Bd1 e5 20. f6 Ne6 21. c3 Nf4 22. fxg7+ Kxg7 23. Bb3 e3 24. Rxf4 exf4 25. c4 Qc6+ 26. Kg1 Rd2 27. Qc3+ f6 0-1

[Event "Ruhrgebiet VK2 1213"]
[Site "Nordrheinwestfalen"]
[Date "2013.04.07"]
[Round "8.8"]
[White "Balke, Reiner"]
[Black "Denig, Friedrich"]
[Result "0-1"]
[WhiteElo "1789"]
[BlackElo "1903"]
[PlyCount "52"]
[EventDate "2012.09.02"]
[EventType "team-tourn"]
[EventRounds "9"]
[EventCountry "GER"]
[SourceTitle "EXT 2020"]
[Source "ChessBase"]
[SourceDate "2019.10.17"]
[SourceVersion "1"]
[SourceVersionDate "2019.10.17"]
[SourceQuality "1"]
[WhiteTeam "Castrop Rauxel II"]
[BlackTeam "Bochum Uni"]
[WhiteTeamCountry "GER"]
[BlackTeamCountry "GER"]

1. e4 c5 2. Nf3 Nc6 3. Nc3 Nf6 4. d4 cxd4 5. Nxd4 a6 6. Be3 e6 7. Bd3 Qc7 8. 0-0 b5 9. f4 Nxd4 10. Bxd4 Bc5 11. Bxc5 Qxc5+ 12. Kh1 Bb7 13. e5 Qc6 14. Qe2 b4 15. exf6 bxc3 16. fxg7 Rg8 17. b3 Rxg7 18. Rf2 0-0-0 19. h3 Rdg8 20. Rg1 f5 21. Kh2 Rg3 22. Qf1 Kd8 23. Be2 Qd6 24. Bc4 Qd4 25. Re2 a5 26. Qe1 Qxf4 0-1

[Event "Ruhrgebiet VK1 1112"]
[Site "Nordrheinwestfalen"]
[Date "2012.02.12"]
[Round "6"]
[White "Balke, Reiner"]
[Black "Klamet, Walter"]
[Result "0-1"]
[WhiteElo "1821"]
[BlackElo "1697"]
[PlyCount "54"]
[EventDate "2012.09.18"]
[EventType "team-tourn"]
[EventRounds "9"]
[EventCountry "GER"]
[SourceTitle "EXT 2020"]
[Source "ChessBase"]
[SourceDate "2019.10.17"]
[SourceVersion "1"]
[SourceVersionDate "2019.10.17"]
[SourceQuality "1"]
[WhiteTeam "Castrop Rauxel"]
[BlackTeam "Oberhausen SW"]
[WhiteTeamCountry "GER"]
[BlackTeamCountry "GER"]

1. e4 d6 2. d4 c6 3. Nf3 Bg4 4. Be2 g6 5. 0-0 Bg7 6. Nbd2 Nd7 7. h3 Bxf3 8. Nxf3 Qc7 9. Be3 Ngf6 10. Bd3 0-0 11. Nh2 e5 12. c3 d5 13. exd5 Nxd5 14. Bc2 Kh8 15. dxe5 Nxe3 16. fxe3 Nxe5 17. Bb3 Rad8 18. Qe2 f6 19. Rad1 Rde8 20. Nf3 Nd7 21. Rfe1 Bh6 22. e4 Bf4 23. Qc4 Bg3 24. Rf1 Nb6 25. Qc5 Re7 26. Ng5 Qe5 27. Qb4 c5 0-1

[Event "Ruhrgebiet VK1 0910"]
[Site "Ruhrgebiet"]
[Date "2009.12.06"]
[Round "4.8"]
[White "Balke, Reiner"]
[Black "Oelze, Achim"]
[Result "1/2-1/2"]
[WhiteElo "1816"]
[BlackElo "1869"]
[PlyCount "90"]
[EventDate "2009.09.06"]
[EventType "team"]
[EventRounds "9"]
[EventCountry "GER"]
[SourceTitle "EXT 2011"]
[Source "ChessBase"]
[SourceDate "2010.11.26"]
[SourceVersion "1"]
[SourceVersionDate "2010.11.26"]
[SourceQuality "1"]
[WhiteTeam "Castrop Rauxel II"]
[BlackTeam "Borbeck Weisse Dame II"]
[WhiteTeamCountry "GER"]
[BlackTeamCountry "GER"]

1. e4 c5 2. Nf3 e6 3. Nc3 a6 4. a4 d6 5. g3 Ne7 6. Bg2 g6 7. 0-0 e5 8. d3 Bg7 9. Be3 Nbc6 10. Qd2 Nd4 11. Ne1 0-0 12. Bh6 Rb8 13. Bxg7 Kxg7 14. f4 f5 15. fxe5 dxe5 16. Nf3 Qd6 17. Rae1 f4 18. gxf4 Rxf4 19. Ng5 Ne6 20. Nh3 Rxf1+ 21. Rxf1 Bd7 22. b3 Nc6 23. Nd5 Rf8 24. Rxf8 Qxf8 25. c3 h6 26. Nf2 Ng5 27. Qe3 Be6 28. h4 Nh7 29. Bh3 Nd8 30. Bxe6 Nxe6 31. Ng4 g5 32. hxg5 Nhxg5 33. Nxe5 b5 34. axb5 axb5 35. Nd7 Qd6 36. N7f6 Qe5 37. Ng4 Qb8 38. Kg2 h5 39. Nf2 Qe5 40. b4 cxb4 41. cxb4 Kh6 42. Nd1 Nd4 43. Qf2 Ngf3 44. Qg3 h4 45. Qxe5 Nxe5 1/2-1/2

[Event "Ruhrgebiet VL1 0708"]
[Site "Germany"]
[Date "2008.03.09"]
[Round "7.6"]
[White "Balke, Reiner"]
[Black "Prueske, Wolfgang"]
[Result "1-0"]
[WhiteElo "1817"]
[BlackElo "2076"]
[PlyCount "75"]
[EventDate "2007.09.02"]
[EventType "team"]
[EventRounds "9"]
[EventCountry "GER"]
[SourceTitle "EXT 2009"]
[Source "ChessBase"]
[SourceDate "2008.11.26"]
[SourceVersion "1"]
[SourceVersionDate "2008.11.26"]
[SourceQuality "1"]
[WhiteTeam "Castrop Rauxel II"]
[BlackTeam "Dortmund Hansa II"]
[WhiteTeamCountry "GER"]
[BlackTeamCountry "GER"]

1. e4 c6 2. d4 d5 3. Nc3 dxe4 4. Nxe4 Nf6 5. Nc3 Bf5 6. Nf3 e6 7. Bd3 Bg4 8. Be3 Nbd7 9. h3 Bh5 10. g4 Bg6 11. Qe2 Bb4 12. Bd2 Bxd3 13. Qxd3 Qc7 14. 0-0-0 0-0-0 15. Qc4 Bd6 16. Ne2 Kb8 17. Kb1 Rc8 18. Nc3 a6 19. Rhe1 c5 20. dxc5 Bxc5 21. Bf4 e5 22. Nxe5 Nb6 23. Qxf7 Qxf7 24. Nxf7+ Ka7 25. Nxh8 Rxh8 26. Be3 Bxe3 27. Rxe3 g5 28. Re6 Rf8 29. Re5 h6 30. Rf5 Nbd7 31. f4 gxf4 32. Rxf4 Re8 33. a4 Re6 34. h4 Nc5 35. g5 hxg5 36. hxg5 Nfe4 37. Nxe4 Nxe4 38. Rg1 1-0

[Event "Ruhrgebiet VL1 0708"]
[Site "Germany"]
[Date "2008.02.17"]
[Round "6.7"]
[White "Balke, Reiner"]
[Black "Kueper, Peter"]
[Result "1-0"]
[WhiteElo "1817"]
[BlackElo "1881"]
[PlyCount "105"]
[EventDate "2007.09.02"]
[EventType "team"]
[EventRounds "9"]
[EventCountry "GER"]
[SourceTitle "EXT 2009"]
[Source "ChessBase"]
[SourceDate "2008.11.26"]
[SourceVersion "1"]
[SourceVersionDate "2008.11.26"]
[SourceQuality "1"]
[WhiteTeam "Castrop Rauxel II"]
[BlackTeam "Kirchhellen SF"]
[WhiteTeamCountry "GER"]
[BlackTeamCountry "GER"]

1. e4 e5 2. Nf3 Nc6 3. Bb5 Bc5 4. 0-0 Nge7 5. c3 a6 6. Ba4 b5 7. Bb3 Ng6 8. d4 Be7 9. Nxe5 Ncxe5 10. dxe5 0-0 11. f4 Bc5+ 12. Kh1 Bb7 13. Bd5 Bxd5 14. Qxd5 Qe7 15. Nd2 Rad8 16. Nb3 Bb6 17. Nd4 Bxd4 18. cxd4 d6 19. Qb7 dxe5 20. f5 Nf4 21. d5 Qb4 22. Bxf4 exf4 23. Rxf4 Qxb2 24. Rff1 Qc2 25. Rae1 Qxa2 26. Qxc7 Rc8 27. Qg3 f6 28. Qf3 Qb2 29. Ra1 Rc3 30. Qf4 Rfc8 31. Rab1 Qc2 32. d6 Qd3 33. Rbd1 Qc4 34. d7 Rd8 35. Qd6 Qc5 36. Qe6+ Kf8 37. Qxa6 Qc6 38. Qa5 Ke7 39. Qb4+ Qc5 40. Qb1 Rxd7 41. Rde1 Rc2 42. e5 Rdd2 43. exf6+ Kxf6 44. Qa1+ Kf7 45. f6 Qd4 46. fxg7+ Kxg7 47. Re7+ Kg6 48. Qa6+ Kg5 49. Qxb5+ Rc5 50. Qb7 Kg6 51. Re6+ Kg5 52. Qe7+ Kg4 53. Re4+ 1-0

[Event "Ruhrgebiet VL2 0405"]
[Site "Ruhrgebiet"]
[Date "2004.10.03"]
[Round "2.8"]
[White "Balke, Reiner"]
[Black "Lucht, Roland"]
[Result "1/2-1/2"]
[WhiteElo "1861"]
[BlackElo "2052"]
[PlyCount "48"]
[EventDate "2004.09.12"]
[EventType "team"]
[EventRounds "9"]
[EventCountry "GER"]
[SourceTitle "EXT 2006"]
[Source "ChessBase"]
[SourceDate "2005.11.24"]
[SourceVersion "1"]
[SourceVersionDate "2005.11.24"]
[SourceQuality "1"]
[WhiteTeam "Castrop Rauxel II"]
[BlackTeam "Dortmund Hansa II"]
[WhiteTeamCountry "GER"]
[BlackTeamCountry "GER"]

1. e4 e6 2. Qe2 c5 3. f4 Nc6 4. c3 d5 5. d3 Be7 6. Nf3 b6 7. g3 Ba6 8. Nbd2 Qd7 9. e5 Nh6 10. Bh3 Nf5 11. g4 Nh4 12. 0-0 Ng6 13. Nb1 Qc7 14. Re1 0-0-0 15. Na3 Kb8 16. Bd2 c4 17. d4 Bxa3 18. bxa3 Qe7 19. Bc1 Bb5 20. Qf2 h5 21. g5 Qd7 22. Rb1 Ba4 23. Rb2 Nge7 24. Ree2 g6 1/2-1/2

[Event "Ruhrgebiet VK3 0001"]
[Site "Ruhrgebiet"]
[Date "2001.05.13"]
[Round "9"]
[White "Fleischer, Michael"]
[Black "Balke, Reiner"]
[Result "1/2-1/2"]
[WhiteElo "1955"]
[BlackElo "1903"]
[PlyCount "80"]
[EventDate "2000.09.17"]
[EventType "team-tourn"]
[EventRounds "9"]
[EventCountry "GER"]
[SourceTitle "EXT 2023"]
[Source "ChessBase"]
[SourceDate "2022.10.05"]
[SourceVersion "1"]
[SourceVersionDate "2022.10.05"]
[SourceQuality "1"]
[WhiteTeam "Muelheim Nord III"]
[BlackTeam "Castrop Rauxel III"]
[WhiteTeamCountry "GER"]
[BlackTeamCountry "GER"]

1. e4 e6 2. d4 d5 3. Nc3 Nf6 4. e5 Nfd7 5. f4 c5 6. Nf3 cxd4 7. Nxd4 a6 8. Be3 Nc6 9. Nb3 Be7 10. a3 0-0 11. Bd3 Re8 12. Qe2 Nf8 13. Qf2 f6 14. Bb6 Qd7 15. Nd4 Nd8 16. 0-0 Nf7 17. Rae1 f5 18. Bxf5 exf5 19. e6 Nxe6 20. Rxe6 Nd8 21. Re5 Bf6 22. Rxe8+ Qxe8 23. Nxd5 Qf7 24. Nc7 Rb8 25. Re1 Bd7 26. b3 Nc6 27. c4 Be7 28. b4 Rc8 29. Nde6 Bf6 30. Nc5 Bd4 31. Re3 Qxc4 32. Nxd7 Qc1+ 33. Qf1 Qxe3+ 34. Kh1 Bxb6 35. Nd5 Qd2 36. N5xb6 Re8 37. Qc4+ Kh8 38. h3 Qe1+ 39. Kh2 h6 40. Qf7 Qe7 1/2-1/2

[Event "Ruhrgebiet VK3 0001"]
[Site "Ruhrgebiet"]
[Date "2001.02.11"]
[Round "6"]
[White "Balke, Reiner"]
[Black "Riek, Wolfgang"]
[Result "0-1"]
[WhiteElo "1903"]
[BlackElo "1814"]
[PlyCount "111"]
[EventDate "2000.09.17"]
[EventType "team-tourn"]
[EventRounds "9"]
[EventCountry "GER"]
[SourceTitle "EXT 2023"]
[Source "ChessBase"]
[SourceDate "2022.10.05"]
[SourceVersion "1"]
[SourceVersionDate "2022.10.05"]
[SourceQuality "1"]
[WhiteTeam "Castrop Rauxel III"]
[BlackTeam "Muelheim Heissen"]
[WhiteTeamCountry "GER"]
[BlackTeamCountry "GER"]

1. Nc3 c5 2. e4 Nc6 3. f4 d6 4. Nf3 g6 5. b3 Bg7 6. Bb2 Nf6 7. d3 0-0 8. Be2 e5 9. fxe5 dxe5 10. 0-0 Ng4 11. Bc1 Nd4 12. Nd5 Nxf3+ 13. Bxf3 Qh4 14. h3 Nf6 15. Ne7+ Kh8 16. Nxc8 Raxc8 17. Be3 b6 18. Qd2 h6 19. Rae1 Rcd8 20. Qe2 Nh7 21. a4 f5 22. a5 f4 23. Bf2 Qe7 24. Ra1 Ng5 25. axb6 axb6 26. Ra6 Qb7 27. Rfa1 Ra8 28. Rxa8 Nxf3+ 29. Qxf3 Rxa8 30. Qd1 Kh7 31. Qb1 Ra7 32. Qb2 Qa8 33. Rb1 Ra2 34. Qc3 Qa6 35. Kh2 Qa5 36. b4 cxb4 37. Rxb4 Rxc2 38. Qxc2 Qxb4 39. Qc7 Qb5 40. Qd6 h5 41. h4 Qb2 42. Qxb6 Qe2 43. Kg1 Qd1+ 44. Kh2 Qxd3 45. Qb7 Qe2 46. Kg1 Kh6 47. Qd5 Qg4 48. Qd3 Bf6 49. Qa3 Qd1+ 50. Kh2 Qe2 51. Qf3 Qf1 52. g3 fxg3+ 53. Kxg3 Qa6 54. Qc3 Qe2 55. Qf3 Bxh4+ 56. Kg2 0-1

[Event "Ruhrgebiet VK3 0001"]
[Site "Ruhrgebiet"]
[Date "2001.01.28"]
[Round "5"]
[White "Iounoussov, Maksim"]
[Black "Balke, Reiner"]
[Result "1/2-1/2"]
[WhiteElo "1888"]
[BlackElo "1903"]
[PlyCount "40"]
[EventDate "2000.09.17"]
[EventType "team-tourn"]
[EventRounds "9"]
[EventCountry "GER"]
[SourceTitle "EXT 2023"]
[Source "ChessBase"]
[SourceDate "2022.10.05"]
[SourceVersion "1"]
[SourceVersionDate "2022.10.05"]
[SourceQuality "1"]
[WhiteTeam "Bochum SG III"]
[BlackTeam "Castrop Rauxel III"]
[WhiteTeamCountry "GER"]
[BlackTeamCountry "GER"]

1. e4 e6 2. Nc3 d5 3. Nf3 Nf6 4. e5 Nfd7 5. d4 c5 6. dxc5 Bxc5 7. Bd3 Nc6 8. Bf4 a6 9. 0-0 b5 10. Qd2 h6 11. h4 Bb7 12. Rfe1 Qb6 13. a4 Bb4 14. axb5 axb5 15. Rxa8+ Bxa8 16. Ra1 Bb7 17. Qe2 Nd4 18. Nxd4 Qxd4 19. Be3 Qxe5 20. Nxb5 0-0 1/2-1/2

[Event "Ruhrgebiet VK3 0001"]
[Site "Ruhrgebiet"]
[Date "2000.12.10"]
[Round "4"]
[White "Balke, Reiner"]
[Black "Nebel, Uwe"]
[Result "0-1"]
[WhiteElo "1903"]
[BlackElo "1760"]
[PlyCount "48"]
[EventDate "2000.09.17"]
[EventType "team-tourn"]
[EventRounds "9"]
[EventCountry "GER"]
[SourceTitle "EXT 2023"]
[Source "ChessBase"]
[SourceDate "2022.10.05"]
[SourceVersion "1"]
[SourceVersionDate "2022.10.05"]
[SourceQuality "1"]
[WhiteTeam "Castrop Rauxel III"]
[BlackTeam "Drewer SG"]
[WhiteTeamCountry "GER"]
[BlackTeamCountry "GER"]

1. e4 c5 2. f4 d5 3. exd5 Nf6 4. Bb5+ Bd7 5. Bxd7+ Qxd7 6. c4 e6 7. dxe6 fxe6 8. Nf3 Nc6 9. 0-0 0-0-0 10. Nc3 Bd6 11. d3 Bb8 12. Qe2 Rhe8 13. Rd1 e5 14. fxe5 Nxe5 15. Bg5 Nxf3+ 16. Qxf3 Ng4 17. Nd5 Bxh2+ 18. Kh1 Rf8 19. Ne7+ Kb8 20. Qe2 Rde8 21. Rf1 Rxf1+ 22. Rxf1 h6 23. Bf4+ Bxf4 24. Rxf4 Nf6 0-1

[Event "Ruhrgebiet VK3 0001"]
[Site "Ruhrgebiet"]
[Date "2000.11.19"]
[Round "3"]
[White "Balke, Reiner"]
[Black "Arndt, Olaf"]
[Result "1/2-1/2"]
[WhiteElo "1903"]
[BlackElo "1873"]
[PlyCount "79"]
[EventDate "2000.09.17"]
[EventType "team-tourn"]
[EventRounds "9"]
[EventCountry "GER"]
[SourceTitle "EXT 2023"]
[Source "ChessBase"]
[SourceDate "2022.10.05"]
[SourceVersion "1"]
[SourceVersionDate "2022.10.05"]
[SourceQuality "1"]
[WhiteTeam "Castrop Rauxel III"]
[BlackTeam "Horst Emscher"]
[WhiteTeamCountry "GER"]
[BlackTeamCountry "GER"]

1. e4 d5 2. Nc3 d4 3. Nce2 e5 4. Ng3 Be6 5. Nf3 Nd7 6. Bb5 c6 7. Ba4 Ngf6 8. d3 Qa5+ 9. c3 dxc3 10. 0-0 Bg4 11. Bc2 cxb2 12. Bxb2 Ba3 13. Bxa3 Qxa3 14. h3 Bxf3 15. Qxf3 g6 16. Bb3 0-0 17. d4 Qe7 18. Rad1 exd4 19. Rxd4 Ne5 20. Qc3 Rad8 21. f4 Ned7 22. Rfd1 Nb6 23. Kh2 Rd7 24. e5 Nfd5 25. Qa5 Rfd8 26. Ne4 Kg7 27. Ng5 h6 28. Nf3 c5 29. Re4 a6 30. Rde1 Rc7 31. Rc1 Rdc8 32. Qe1 c4 33. Bd1 Nb4 34. Qe2 Nd3 35. Rb1 Nd5 36. Qd2 b5 37. Nd4 Qa3 38. f5 Qc3 39. f6+ Kh7 40. Qxh6+ 1/2-1/2